00438nam a2200157Ia 4500008004100000020001800041082001600059100001700075245004400092250000800136260003800144300002900182500002700211600002700238650001500265240925s9999 xx 000 0 und d a9788189757922 a621.319 GUP aGupta, J. B. 0aQuestion Bank in Electrical Engineering a4th aNew Delhi:bS. K. Katariac,2010. avii,333p.bN.AfOriginal aIncludes Illustrations aElectrical Engineering aTechnology